[Event "EU-chT Seniors 07th"]
[Site "Dresden"]
[Date "2005.02.18"]
[Round "1"]
[White "Alexandria, Nana"]
[Black "Hampel, Johannes"]
[Result "1-0"]
[WhiteElo "2336"]
[BlackElo "2188"]
[EventDate "2005.02.18"]
[PlyCount "87"]

1.d4 d5 2.c4 e6 3.Nc3 Nf6 4.Bg5 Be7 5.e3 O-O 6.Nf3 h6 7.Bf4 b6 8.cxd5 Nxd5
9.Nxd5 exd5 10.Bd3 Bb4+ 11.Ke2 Bd6 12.Bxd6 Qxd6 13.h3 c5 14.Rc1 Nc6 15.Qa4
Bd7 16.Qa3 Nb4 17.Ne5 Nxd3 18.Nxd3 Bb5 19.dxc5 Bxd3+ 20.Kxd3 Qg6+ 21.Ke2 
d4 22.Qd3 Qxd3+ 23.Kxd3 dxe3 24.fxe3 Rad8+ 25.Ke2 bxc5 26.Rxc5 Rfe8 27.Rc7
Rb8 28.b3 a5 29.Rf1 f6 30.Rf4 Re5 31.Rg4 g5 32.Rd4 Rbe8 33.Rd3 f5 34.Kf2 
Re4 35.Ra7 f4 36.exf4 Rxf4+ 37.Kg3 Rf5 38.Kg4 Rf4+ 39.Kg3 Rf5 40.Rf3 Rd5 
41.Rc3 Rf8 42.Rcc7 Rd3+ 43.Kh2 Re8 44.Rxa5 1-0

[Event "EU-chT Seniors 07th"]
[Site "Dresden"]
[Date "2005.02.18"]
[Round "1"]
[White "Beltrami, Nerio"]
[Black "Boehlig, Heinz"]
[Result "0-1"]
[WhiteElo "2089"]
[BlackElo "2256"]
[EventDate "2005.02.18"]
[PlyCount "90"]

1.e4 c5 2.Nf3 e6 3.d4 cxd4 4.Nxd4 a6 5.Bd3 Nf6 6.O-O Qc7 7.Qe2 d6 8.Be3 
Be7 9.Nc3 b5 10.a3 Bb7 11.f4 Nbd7 12.Nb3 O-O 13.Rad1 Rfe8 14.Kh1 Bf8 15.
Bf2 g6 16.Bd4 e5 17.Be3 d5 18.fxe5 Nxe4 19.Bxe4 dxe4 20.Bf4 Nxe5 21.Nd5 
Bxd5 22.Rxd5 Qc4 23.Qd1 Nc6 24.Bc7 Rac8 25.Bb6 e3 26.Re1 e2 27.Qd2 Re6 28.
Rd3 Rce8 29.Nc1 Ne5 30.Rc3 Qh4 31.Rh3 Nc4 32.Qc3 Qg5 33.Rg3 Qd5 34.Rd3 Qb7
35.Bf2 Bg7 36.Bd4 Bxd4 37.Qxd4 Re4 38.Qc3 Rg4 39.Rg3 Rf4 40.h3 Rf2 41.Nd3 
Rf1+ 42.Kh2 Qb8 43.Qd4 Re3 44.Qg4 Ne5 45.Nxe5 Qxe5 0-1

[Event "EU-chT Seniors 07th"]
[Site "Dresden"]
[Date "2005.02.18"]
[Round "1"]
[White "Bold, Konrad"]
[Black "Vager, Boris"]
[Result "1-0"]
[WhiteElo "2161"]
[BlackElo "2248"]
[EventDate "2005.02.18"]
[PlyCount "65"]

1.e4 c5 2.d4 cxd4 3.c3 dxc3 4.Nxc3 e6 5.Nf3 Nc6 6.Bc4 Bb4 7.O-O Nge7 8.Bf4
Bxc3 9.bxc3 O-O 10.Bd6 Re8 11.Qd2 Ng6 12.Rab1 a6 13.g3 b5 14.Be2 Nce7 15.
h4 Bb7 16.h5 Nf8 17.Qf4 Bc6 18.Rfd1 f6 19.c4 bxc4 20.Bxc4 Kh8 21.h6 Neg6 
22.hxg7+ Kxg7 23.Qe3 Qa5 24.Kg2 Bb5 25.Bb3 Ba4 26.Rh1 Bxb3 27.Qh6+ Kf7 28.
axb3 e5 29.Nh4 Nxh4+ 30.Rxh4 Ke6 31.Rd1 Qb5 32.Qg7 Qe2 33.Qg8# 1-0

[Event "EU-chT Seniors 07th"]
[Site "Dresden"]
[Date "2005.02.18"]
[Round "1"]
[White "Brameyer, Hermann"]
[Black "Barnstedt, Dietrich"]
[Result "1-0"]
[WhiteElo "2272"]
[BlackElo "2147"]
[EventDate "2005.02.18"]
[PlyCount "117"]

1.d4 Nf6 2.Nf3 g6 3.c4 Bg7 4.Nc3 d5 5.Bf4 O-O 6.e3 c6 7.h3 dxc4 8.Bxc4 Nd5
9.Bg3 Qa5 10.Bxd5 cxd5 11.Qb3 e6 12.O-O a6 13.Na4 b5 14.Nc5 Nd7 15.Rfc1 
Re8 16.Nxd7 Bxd7 17.Rc7 Red8 18.Rac1 Rdc8 19.a3 Bf8 20.R1c3 Rxc7 21.Rxc7 
Be8 22.Qc2 Qb6 23.Be5 a5 24.Nh2 Bd6 25.Rc8 Rxc8 26.Qxc8 Kf8 27.Ng4 Be7 28.
Nf6 Bxf6 29.Bxf6 Qc6 30.Qd8 a4 31.Qe7+ Kg8 32.Be5 h5 33.Bd6 Qd7 34.Qf8+ 
Kh7 35.Be5 f6 36.Bxf6 g5 37.Bxg5 Qf7 38.Qh6+ Kg8 39.f3 Qg6 40.Qxg6+ Bxg6 
41.Kf2 Bd3 42.g4 hxg4 43.hxg4 Kf7 44.Kg3 Kg6 45.Kf4 Be2 46.Bd8 Bd1 47.e4 
Be2 48.exd5 exd5 49.Kg3 Bd1 50.f4 Bc2 51.f5+ Kf7 52.Kf4 Ke8 53.Bf6 Bd1 54.
g5 Kf7 55.Be5 Bc2 56.g6+ Ke7 57.Kg5 Kf8 58.f6 Kg8 59.f7+ 1-0

[Event "EU-chT Seniors 07th"]
[Site "Dresden"]
[Date "2005.02.18"]
[Round "1"]
[White "Braun, Gottfried"]
[Black "Barlocco, Carlo"]
[Result "1/2-1/2"]
[WhiteElo "2331"]
[BlackElo "2156"]
[EventDate "2005.02.18"]
[PlyCount "95"]

1.e4 Nc6 2.Nf3 d6 3.d4 Bg4 4.Be3 e6 5.Be2 Nf6 6.Nc3 Be7 7.Ng5 Bxe2 8.Qxe2 
h6 9.Nf3 d5 10.exd5 exd5 11.O-O O-O 12.Ne5 Re8 13.Rad1 Bd6 14.Ng4 Ne4 15.
Nxd5 Bxh2+ 16.Nxh2 Qxd5 17.c4 Qf5 18.Qf3 Nd6 19.c5 Qxf3 20.Nxf3 Nf5 21.Bf4
Re4 22.Bxc7 Nfxd4 23.Nxd4 Rxd4 24.Rfe1 Rc8 25.Bd6 Rxd1 26.Rxd1 Re8 27.Kf1 
f5 28.a3 Kf7 29.Rd3 Na5 30.b3 Nc6 31.b4 a6 32.f3 g5 33.Bg3 f4 34.Be1 Ne5 
35.Rd4 Nc6 36.Rd7+ Re7 37.Rxe7+ Nxe7 38.Ke2 Ke6 39.Kd3 Nf5 40.Bf2 Kd5 41.
a4 h5 42.b5 axb5 43.axb5 g4 44.fxg4 hxg4 45.c6 bxc6 46.bxc6 Kxc6 47.Ke4 g3
48.Bxg3 1/2-1/2

[Event "EU-chT Seniors 07th"]
[Site "Dresden"]
[Date "2005.02.18"]
[Round "1"]
[White "Chaikovskaia, Alla"]
[Black "Mueckan, Friedbert"]
[Result "1-0"]
[WhiteElo "2031"]
[BlackElo "2051"]
[EventDate "2005.02.18"]
[PlyCount "101"]

1.d4 Nf6 2.c4 g6 3.Nc3 Bg7 4.e4 d6 5.Be2 O-O 6.Be3 c6 7.g4 e5 8.d5 c5 9.g5
Ne8 10.h4 Na6 11.h5 Nac7 12.Bg4 a6 13.a4 Rb8 14.Bxc8 Qxc8 15.Qe2 Qd7 16.
Nf3 b5 17.axb5 axb5 18.Nd2 bxc4 19.Nxc4 Nb5 20.Nxb5 Qxb5 21.Ra5 Qd7 22.O-O
Nc7 23.Ra7 Rb4 24.Rc1 Rc8 25.Bd2 Rbb8 26.Ba5 Qe7 27.Qg4 gxh5 28.Qxh5 f6 
29.gxf6 Bxf6 30.Rc3 Kh8 31.Rg3 Bh4 32.Rg4 Bxf2+ 33.Kxf2 Rf8+ 34.Ke2 Qf6 
35.Qf5 Qh6 36.Qg5 Qxg5 37.Rxg5 Nb5 38.Ra6 Nd4+ 39.Kd3 Rf3+ 40.Ne3 c4+ 41.
Kxc4 Rxe3 42.Bc3 Rxe4 43.Kd3 Rh4 44.Rxd6 Re8 45.Rxe5 Rxe5 46.Bxd4 Rxd4+ 
47.Kxd4 Re1 48.b4 Rb1 49.Kc5 Kg7 50.Re6 h5 51.d6 1-0

[Event "EU-chT Seniors 07th"]
[Site "Dresden"]
[Date "2005.02.18"]
[Round "1"]
[White "Colombo, Paolo"]
[Black "Boehnisch, Manfred"]
[Result "0-1"]
[WhiteElo "2161"]
[BlackElo "2364"]
[EventDate "2005.02.18"]
[PlyCount "122"]

1.d4 d5 2.Nf3 Nf6 3.e3 Bg4 4.Nbd2 Nbd7 5.h3 Bh5 6.g4 Bg6 7.Ne5 Nxe5 8.dxe5
Nd7 9.f4 e6 10.h4 h5 11.g5 Bc5 12.Nf3 Be4 13.Bd3 Bxf3 14.Qxf3 g6 15.O-O c6
16.Kg2 Qb6 17.Bd2 a5 18.a3 a4 19.Rab1 O-O 20.Rfe1 Rfd8 21.e4 dxe4 22.Rxe4 
Bxa3 23.b4 axb3 24.Rxb3 Qc7 25.Be3 Bc5 26.Rc4 Ra5 27.Qf2 b6 28.Be4 Bxe3 
29.Rxe3 Nc5 30.Bf3 Ra4 31.Rxa4 Nxa4 32.f5 exf5 33.e6 Nb2 34.exf7+ Qxf7 35.
Qe2 Nc4 36.Re7 Rd2 37.Rxf7 Kxf7 38.Qxd2 Nxd2 39.Bxc6 Ne4 40.Kf3 Nd6 41.
Bd5+ Ke7 42.Kf4 Nb5 43.Ke5 Na3 44.Bb3 Nb1 45.Bc4 Nc3 46.Bd3 Nd1 47.Bb5 Ne3
48.c3 Ng2 49.Bc6 Ne3 50.Bb5 Nd1 51.Kd4 Nf2 52.Bc6 Ng4 53.Kd5 f4 54.Ke4 f3 
55.Bb5 f2 56.Kf3 Kd6 57.Ke2 Ke5 58.Bd3 Kf4 59.Bxg6 Kg3 60.Bd3 Kg2 61.Be4+ 
Kg1 0-1

[Event "EU-chT Seniors 07th"]
[Site "Dresden"]
[Date "2005.02.18"]
[Round "1"]
[White "Degenhardt, Norbert"]
[Black "Hamm, Georg"]
[Result "1/2-1/2"]
[WhiteElo "2134"]
[BlackElo "2166"]
[EventDate "2005.02.18"]
[PlyCount "61"]

1.e4 g6 2.d4 c6 3.Bd3 Bg7 4.c3 d5 5.e5 c5 6.Ne2 Nc6 7.O-O Nh6 8.Nd2 cxd4 
9.cxd4 Qb6 10.h3 Nf5 11.Nf3 O-O 12.Bc2 f6 13.g4 Nh6 14.Bb3 fxe5 15.Nxe5 e6
16.Be3 Nf7 17.Nxf7 Rxf7 18.Rc1 Bd7 19.Qd2 Raf8 20.Kg2 Na5 21.Rc3 Qd6 22.a3
Nxb3 23.Rxb3 Bc6 24.f3 a6 25.Bf2 Bb5 26.Bg3 Qe7 27.Rf2 Bc4 28.Rc3 e5 29.
Bxe5 Bxe5 30.dxe5 Qxe5 31.Re3 1/2-1/2

[Event "EU-chT Seniors 07th"]
[Site "Dresden"]
[Date "2005.02.18"]
[Round "1"]
[White "Denda, Ronald"]
[Black "Baumgartner, Heinz"]
[Result "0-1"]
[WhiteElo "2051"]
[BlackElo "2338"]
[EventDate "2005.02.18"]
[PlyCount "70"]

1.e4 e5 2.Nf3 Nc6 3.Bc4 Nf6 4.Ng5 d5 5.exd5 Na5 6.Bb5+ Bd7 7.Qe2 Bd6 8.
Bxd7+ Qxd7 9.Nc3 O-O 10.d3 Bb4 11.Bd2 Rfe8 12.f3 Bxc3 13.Bxc3 Qxd5 14.O-O 
Nc6 15.Qf2 h6 16.Ne4 Nh5 17.Qc5 Qe6 18.g3 Qg6 19.Kh1 b6 20.Qf2 Rad8 21.
Rae1 Qe6 22.b3 Qd5 23.Kg1 Re6 24.Bb2 Rde8 25.Re2 f5 26.Nd2 Rg6 27.d4 Nf4 
28.Kh1 Nxe2 29.c4 Qd7 30.Qxe2 Nxd4 31.Bxd4 exd4 32.Qg2 Rge6 33.h4 Re2 34.
Rf2 d3 35.f4 Rxf2 0-1

[Event "EU-chT Seniors 07th"]
[Site "Dresden"]
[Date "2005.02.18"]
[Round "1"]
[White "Dominguez Rueda, Juan"]
[Black "Flockhart, Hugh"]
[Result "1-0"]
[WhiteElo "2138"]
[BlackElo "1934"]
[EventDate "2005.02.18"]
[PlyCount "53"]

1.e4 d5 2.exd5 Nf6 3.d4 Bg4 4.Nf3 Qxd5 5.Be2 Nc6 6.O-O O-O-O 7.c4 Qf5 8.d5
Bxf3 9.Bxf3 Ne5 10.Be2 e6 11.Nc3 exd5 12.cxd5 h5 13.Qd4 Nc6 14.Qa4 Nxd5 
15.Nxd5 Rxd5 16.Be3 Ra5 17.Qc4 Bd6 18.Rad1 Qe5 19.g3 Qf6 20.b4 Bxb4 21.Rb1
Bd6 22.Rxb7 Kxb7 23.Rb1+ Bb4 24.Rxb4+ Kc8 25.Rb1 Rd8 26.Qb3 Rad5 27.Ba6+ 
1-0

[Event "EU-chT Seniors 07th"]
[Site "Dresden"]
[Date "2005.02.18"]
[Round "1"]
[White "Dorawa, Bernhard"]
[Black "Pipitone, Antonio"]
[Result "1-0"]
[WhiteElo "2066"]
[BlackElo "2054"]
[EventDate "2005.02.18"]
[PlyCount "119"]

1.e4 c5 2.Nc3 Nc6 3.g3 d6 4.Bg2 e6 5.Nge2 Nf6 6.O-O d5 7.exd5 exd5 8.d4 
cxd4 9.Nxd4 Be7 10.Nde2 Be6 11.Bg5 Qa5 12.Bxf6 Bxf6 13.Nxd5 O-O-O 14.c4 
Bxb2 15.Rb1 Qxa2 16.Qc2 Rd7 17.Rxb2 Qa3 18.Rb3 Qd6 19.Ne3 h5 20.Rd1 Qc7 
21.Rxd7 Qxd7 22.Rd3 Qc7 23.Rd1 h4 24.Nd4 hxg3 25.hxg3 Nxd4 26.Rxd4 Bd7 27.
Nd5 Qa5 28.Qd2 Qxd2 29.Rxd2 Re8 30.f4 Re1+ 31.Kf2 Rc1 32.Ne3 Be6 33.Bd5 
Bxd5 34.Rxd5 b6 35.Ke2 a5 36.Kd2 Rg1 37.g4 Kc7 38.g5 f6 39.gxf6 gxf6 40.
Rb5 a4 41.Kc2 Re1 42.Nd5+ Kc6 43.Rxb6+ Kc5 44.Rxf6 Kxc4 45.Nc3 a3 46.Ra6 
Rf1 47.Ra4+ Kc5 48.Kb3 Rf3 49.Rc4+ Kd6 50.Kxa3 Ke6 51.Kb4 Kf5 52.Nd5 Ke6 
53.Kc5 Kf5 54.Kd6 Rd3 55.Rc7 Rf3 56.Re7 Rf2 57.Re5+ Kg6 58.Ke6 Rf3 59.Rg5+
Kh6 60.Rg1 1-0

[Event "EU-chT Seniors 07th"]
[Site "Dresden"]
[Date "2005.02.18"]
[Round "1"]
[White "Dorsch, Baptist"]
[Black "Just, Joachim"]
[Result "1/2-1/2"]
[WhiteElo "1691"]
[BlackElo "2159"]
[EventDate "2005.02.18"]
[PlyCount "81"]

1.d4 e6 2.Nf3 Nf6 3.Bf4 b5 4.e3 a6 5.Be2 Bb7 6.Nbd2 c5 7.c3 Nc6 8.O-O Be7 
9.Rc1 O-O 10.dxc5 Bxc5 11.Nb3 Be7 12.Nbd4 Qb6 13.Ne5 Rfd8 14.Bf3 Rac8 15.
Qe2 Nxe5 16.Bxe5 d6 17.Bxf6 Bxf6 18.Bxb7 Qxb7 19.Qf3 Qxf3 20.Nxf3 d5 21.
Nd4 Kf8 22.g3 Rc7 23.Kg2 Rdc8 24.a3 g6 25.Rfe1 Rc4 26.Nf3 Ra4 27.Nd2 h5 
28.h3 e5 29.Nf3 Rac4 30.Nd2 R4c7 31.Nb3 Kg7 32.Rcd1 Rd8 33.e4 dxe4 34.Rxd8
Bxd8 35.Rxe4 f6 36.a4 bxa4 37.Rxa4 Rb7 38.Nc5 Rb8 39.Ne6+ Kf7 40.Nxd8+ 
Rxd8 41.Rxa6 1/2-1/2

[Event "EU-chT Seniors 07th"]
[Site "Dresden"]
[Date "2005.02.18"]
[Round "1"]
[White "Edwards, Raymond"]
[Black "Klundt, Klaus"]
[Result "0-1"]
[WhiteElo "2104"]
[BlackElo "2385"]
[EventDate "2005.02.18"]
[PlyCount "98"]

1.d4 Nf6 2.c4 g6 3.Nc3 Bg7 4.e4 O-O 5.Nf3 d6 6.Be2 e5 7.Be3 exd4 8.Nxd4 
Re8 9.f3 Nc6 10.O-O Nh5 11.Qd2 Nf4 12.Nxc6 Nxe2+ 13.Nxe2 bxc6 14.Bd4 Be6 
15.b3 Bxd4+ 16.Qxd4 c5 17.Qc3 a5 18.a4 Qe7 19.Rad1 f5 20.Nf4 fxe4 21.fxe4 
Bf7 22.Rfe1 Qe5 23.Qxe5 Rxe5 24.Nd3 Re7 25.e5 Rb8 26.exd6 Rxe1+ 27.Rxe1 
cxd6 28.Nc1 Kf8 29.Kf2 Re8 30.Re3 g5 31.Rxe8+ Kxe8 32.Ke3 Kd7 33.Ne2 d5 
34.Kd3 Kd6 35.Nc3 Bg6+ 36.Kd2 d4 37.Nb5+ Kd7 38.g3 Be4 39.Na3 h5 40.Nb5 h4
41.Na3 Bg6 42.Nb5 Bh7 43.Na7 hxg3 44.hxg3 Be4 45.Nb5 Ke6 46.Nc7+ Ke5 47.
Nb5 Bf5 48.Na3 Ke4 49.Ke2 Bg4+ 0-1

[Event "EU-chT Seniors 07th"]
[Site "Dresden"]
[Date "2005.02.18"]
[Round "1"]
[White "Eis, Helko"]
[Black "Baumbach, Friedrich"]
[Result "0-1"]
[WhiteElo "2121"]
[BlackElo "2279"]
[EventDate "2005.02.18"]
[PlyCount "68"]

1.Nf3 d5 2.d4 Nf6 3.e3 c6 4.c4 Bf5 5.Nc3 e6 6.Qb3 Qc8 7.Bd2 Be7 8.Ne5 Nbd7
9.cxd5 exd5 10.Rc1 O-O 11.Be2 Be6 12.Nxd7 Qxd7 13.O-O c5 14.Qb5 c4 15.Qxd7
Bxd7 16.e4 dxe4 17.Bxc4 Rfd8 18.Nd5 Nxd5 19.Bxd5 Bb5 20.Bxb7 Rab8 21.Ba5 
Rxb7 22.Bxd8 Bxd8 23.Rc8 Rd7 24.Rfc1 Kf8 25.Ra8 Ke7 26.g4 Bb6 27.b3 Bxd4 
28.a4 Be2 29.Rcc8 Bxg4 30.Re8+ Kf6 31.Rxe4 Bf5 32.Ree8 Bb6 33.Rac8 Rd1+ 
34.Kg2 Bxc8 0-1

[Event "EU-chT Seniors 07th"]
[Site "Dresden"]
[Date "2005.02.18"]
[Round "1"]
[White "Eyer, Karl"]
[Black "Opl, Klaus"]
[Result "0-1"]
[WhiteElo "1889"]
[BlackElo "2324"]
[EventDate "2005.02.18"]
[PlyCount "136"]

1.e4 c5 2.Nc3 e6 3.g3 d5 4.Bg2 dxe4 5.Nxe4 Be7 6.Ne2 Nc6 7.O-O Nf6 8.d3 
Qc7 9.Be3 b6 10.d4 Nd5 11.Bg5 Bxg5 12.Nxg5 Ba6 13.dxc5 Rd8 14.Ne4 O-O 15.
c4 Bxc4 16.Qc2 Ba6 17.cxb6 Qxb6 18.Ng5 g6 19.Rfc1 Ncb4 20.Qe4 h6 21.Nh3 
Nd3 22.Rc2 N5b4 23.Rc3 f5 24.Qe3 Qxe3 25.fxe3 e5 26.a3 Nd5 27.Rc6 Bb5 28.
Rxg6+ Kh7 29.Re6 Nxe3 30.Nc3 Bc4 31.Re7+ Rf7 32.Rxf7+ Bxf7 33.Bf3 Nxb2 34.
Re1 Nbc4 35.Nf2 Rd2 36.Nfd1 Nc2 37.Re2 Nd4 38.Rf2 Rxf2 39.Kxf2 Nxa3 40.Bb7
a5 41.Ne3 Nc4 42.Ned5 Nd6 43.Ba8 Be6 44.Ke3 Nc4+ 45.Kf2 Nb2 46.Nb6 Bb3 47.
Nd7 e4 48.Ke3 Ne6 49.g4 Nc4+ 50.Kf2 e3+ 51.Kg2 fxg4 52.Nf6+ Kg6 53.Nxg4 h5
54.Nxe3 Nxe3+ 55.Kf3 Nc2 56.Ke4 a4 57.Ke5 Nc5 58.Bf3 Kh6 59.Kd6 Nd3 60.Be4
Ndb4 61.Kc5 a3 62.h4 a2 63.Nxa2 Bxa2 64.Kd6 Bc4 65.Ke5 Be2 66.Kf6 Nd4 67.
Kf7 Nf3 68.Kf6 Nxh4 0-1

[Event "EU-chT Seniors 07th"]
[Site "Dresden"]
[Date "2005.02.18"]
[Round "1"]
[White "Farrand, Julian"]
[Black "Uhlmann, Wolfgang"]
[Result "0-1"]
[WhiteElo "2216"]
[BlackElo "2420"]
[EventDate "2005.02.18"]
[PlyCount "100"]

1.d4 Nf6 2.Nc3 d5 3.Bg5 Nbd7 4.Qd3 c6 5.e4 dxe4 6.Nxe4 Nxe4 7.Qxe4 Qa5+ 8.
Bd2 Qa4 9.Qh4 e5 10.Nf3 exd4 11.Qxd4 Qxd4 12.Nxd4 Bc5 13.Be3 Nf6 14.O-O-O 
Ng4 15.Bc4 O-O 16.Rhe1 Re8 17.Bf4 Rxe1 18.Rxe1 Bd7 19.Nb3 Bxf2 20.Re7 Be8 
21.Rxb7 Be3+ 22.Bxe3 Nxe3 23.Bd3 Nxg2 24.Be4 Nf4 25.Na5 c5 26.c3 Kf8 27.
Rc7 Ne6 28.Rxc5 Rb8 29.Rh5 h6 30.Nc6 Bxc6 31.Bxc6 Rb6 32.Bd7 Ke7 33.Bxe6 
Rxe6 34.Kd2 g5 35.Rh3 Ra6 36.a3 f5 37.c4 f4 38.Rf3 Rf6 39.h3 h5 40.c5 g4 
41.hxg4 hxg4 42.Rf1 Ke6 43.b4 Ke5 44.b5 g3 45.c6 Rf8 46.Re1+ Kd6 47.Rc1 f3
48.Ke1 Rh8 49.Kd2 g2 50.c7 f2 0-1

[Event "EU-chT Seniors 07th"]
[Site "Dresden"]
[Date "2005.02.18"]
[Round "1"]
[White "Gergs, Wolfgang"]
[Black "Hesse, Manfred"]
[Result "1/2-1/2"]
[WhiteElo "2190"]
[BlackElo "1892"]
[EventDate "2005.02.18"]
[PlyCount "107"]

1.d4 Nf6 2.Nf3 g6 3.c4 Bg7 4.Nc3 O-O 5.e4 d6 6.h3 Nbd7 7.Bg5 h6 8.Be3 e5 
9.dxe5 Nxe5 10.Be2 Be6 11.Nd2 Ne8 12.O-O f5 13.f4 Nc6 14.exf5 Bxf5 15.g4 
Bd7 16.Nf3 Ne7 17.Qc2 Nf6 18.Nh4 Qe8 19.Rf3 Be6 20.Bd3 Bf7 21.Re1 Qc6 22.
g5 hxg5 23.fxg5 Nd7 24.Bf4 Rae8 25.Ne4 Qb6+ 26.Be3 Qxb2 27.Nf6+ Bxf6 28.
gxf6 Qxc2 29.Bxc2 Nc6 30.Rg3 Nde5 31.Bh6 Nd4 32.Be4 Nxc4 33.Nxg6 Nf3+ 34.
Rxf3 Bxg6 35.Bxg6 Rxe1+ 36.Kf2 Ne5 37.f7+ Rxf7 38.Bxf7+ Nxf7 39.Kxe1 Nxh6 
40.a4 Nf7 41.Rc3 c5 42.a5 a6 43.Rb3 Nd8 44.Rb6 Nc6 45.Rxb7 Nxa5 46.Rb6 Nc4
47.Rxa6 Kf7 48.Ke2 Ke6 49.h4 Kf5 50.Kf3 Ne5+ 51.Kg3 Nf7 52.Ra7 Ne5 53.Rc7 
c4 54.h5 1/2-1/2

[Event "EU-chT Seniors 07th"]
[Site "Dresden"]
[Date "2005.02.18"]
[Round "1"]
[White "Golcman, Evgeny"]
[Black "Kelchner, Hans"]
[Result "1/2-1/2"]
[WhiteElo "2336"]
[BlackElo "2149"]
[EventDate "2005.02.18"]
[PlyCount "71"]

1.c4 c5 2.Nc3 e6 3.Nf3 Nf6 4.g3 Nc6 5.Bg2 d5 6.cxd5 exd5 7.d4 a6 8.O-O c4 
9.Ne5 Be7 10.h3 Be6 11.f4 Qc8 12.Kh2 O-O 13.Be3 Rd8 14.Qe1 Bb4 15.g4 Nxe5 
16.fxe5 Nd7 17.Nxd5 Bxd5 18.Qxb4 Bxg2 19.Kxg2 Qc6+ 20.Rf3 Nf8 21.Rc1 Rac8 
22.b3 b5 23.bxc4 bxc4 24.Kg3 Ne6 25.Qc3 Qd5 26.h4 Nxd4 27.Bxd4 Qxd4 28.
Qxd4 Rxd4 29.Rd3 Rcd8 30.Rxc4 Rxd3+ 31.exd3 Rxd3+ 32.Kf4 Rd8 33.Rc7 Kf8 
34.Ke4 Rb8 35.Ra7 Rb4+ 36.Kd5 1/2-1/2

[Event "EU-chT Seniors 07th"]
[Site "Dresden"]
[Date "2005.02.18"]
[Round "1"]
[White "Gruzmann, Boris"]
[Black "Wiemer, Juergen"]
[Result "1-0"]
[WhiteElo "2271"]
[BlackElo "2140"]
[EventDate "2005.02.18"]
[PlyCount "91"]

1.e4 e6 2.d4 d5 3.e5 c5 4.c3 Nc6 5.Nf3 cxd4 6.cxd4 Nge7 7.a3 Nf5 8.b4 Be7 
9.Nc3 a6 10.Be2 Bd7 11.O-O h6 12.g4 Nh4 13.Nxh4 Bxh4 14.Be3 Ne7 15.Bd3 g6 
16.Qd2 Nc6 17.Ne2 Be7 18.f4 Qb6 19.Rab1 Bc8 20.Kh1 Bd7 21.f5 gxf5 22.gxf5 
Bg5 23.Bxg5 hxg5 24.Qxg5 Qd8 25.Qxd8+ Kxd8 26.Rf4 Kc7 27.Rg1 Rh3 28.Rg3 
Rah8 29.Rxh3 Rxh3 30.Ng3 Rh6 31.Kg2 Na7 32.h4 Nc6 33.f6 Be8 34.Kh3 Rh8 35.
h5 Na7 36.Rg4 Kd8 37.Kh4 Bb5 38.Bxb5 Nxb5 39.a4 Nc3 40.Rg7 Ke8 41.Kg5 b5 
42.axb5 Nxb5 43.Ne2 Na7 44.h6 Nc6 45.h7 Kf8 46.Kh6 1-0

[Event "EU-chT Seniors 07th"]
[Site "Dresden"]
[Date "2005.02.18"]
[Round "1"]
[White "Guenther, Egbert"]
[Black "Duemmke, Juergen"]
[Result "0-1"]
[WhiteElo "1839"]
[BlackElo "2136"]
[EventDate "2005.02.18"]
[PlyCount "30"]

1.e4 d5 2.exd5 Nf6 3.Nc3 Nxd5 4.Ne4 Bf5 5.Ng3 Bg6 6.Nf3 e6 7.h4 h6 8.Ne5 
Bh7 9.Qf3 Qf6 10.Qe2 Bd6 11.d4 O-O 12.c3 Qe7 13.Qh5 Bxe5 14.dxe5 Nd7 15.
Be2 Bg6 0-1

[Event "EU-chT Seniors 07th"]
[Site "Dresden"]
[Date "2005.02.18"]
[Round "1"]
[White "Hagen, Horst"]
[Black "Lieb, Harald"]
[Result "0-1"]
[WhiteElo "1926"]
[BlackElo "2276"]
[EventDate "2005.02.18"]
[PlyCount "48"]

1.d4 f5 2.g3 Nf6 3.Bg2 g6 4.Nf3 Bg7 5.O-O O-O 6.c4 d6 7.Nc3 Qe8 8.d5 a5 9.
Be3 h6 10.Qd2 Kh7 11.Rae1 Na6 12.Bd4 c5 13.dxc6 bxc6 14.e4 e5 15.exf5 gxf5
16.Bb6 Nd7 17.Bxa5 e4 18.Qxd6 Nac5 19.Nxe4 Nxe4 20.Qc7 Bxb2 21.Rxe4 fxe4 
22.Re1 Qh5 23.Nh4 Qxa5 24.Bxe4+ Kg8 0-1

[Event "EU-chT Seniors 07th"]
[Site "Dresden"]
[Date "2005.02.18"]
[Round "1"]
[White "Hecht, Hans Joachim"]
[Black "Wade, Robert Graham"]
[Result "1/2-1/2"]
[WhiteElo "2381"]
[BlackElo "2164"]
[EventDate "2005.02.18"]
[PlyCount "65"]

1.d4 e6 2.c4 Nf6 3.g3 d5 4.Nf3 Be7 5.Bg2 O-O 6.O-O dxc4 7.Qa4 a6 8.Qxc4 b5
9.Qc2 Bb7 10.Bd2 Be4 11.Qc1 b4 12.Bf4 Nd5 13.Nbd2 Nxf4 14.gxf4 Bxf3 15.
Nxf3 Ra7 16.Rd1 c5 17.dxc5 Qc7 18.Ne5 Bxc5 19.Qd2 Qb6 20.e3 Be7 21.Rac1 
Rc7 22.Rxc7 Qxc7 23.Rc1 Qd6 24.Qc2 g6 25.Bf3 Nd7 26.Rd1 Qc5 27.Qxc5 Nxc5 
28.b3 Bf6 29.Nc6 Bc3 30.Kf1 Kg7 31.Ke2 Re8 32.Rd6 h6 33.Nd4 1/2-1/2

[Event "EU-chT Seniors 07th"]
[Site "Dresden"]
[Date "2005.02.18"]
[Round "1"]
[White "Hoen, Ragnar Harald"]
[Black "Mueller Using, Detlev"]
[Result "1-0"]
[WhiteElo "2271"]
[BlackElo "2062"]
[EventDate "2005.02.18"]
[PlyCount "55"]

1.e4 d5 2.exd5 Nf6 3.Bb5+ Bd7 4.Bc4 b5 5.Bb3 Bg4 6.f3 Bf5 7.d4 Nxd5 8.Ne2 
e6 9.Ng3 Qh4 10.Bxd5 exd5 11.O-O Be6 12.f4 g6 13.Nd2 Bd6 14.Nf3 Qg4 15.Qd3
Nd7 16.Ne5 Bxe5 17.fxe5 g5 18.Be3 a6 19.a4 b4 20.b3 O-O 21.Nf5 Bxf5 22.
Rxf5 h6 23.Raf1 a5 24.Bxg5 hxg5 25.Qe3 f6 26.exf6 Qe4 27.Rxg5+ Kf7 28.Rg7+
1-0

[Event "EU-chT Seniors 07th"]
[Site "Dresden"]
[Date "2005.02.18"]
[Round "1"]
[White "Jaeger, Erich"]
[Black "Winiwarter, Felix"]
[Result "0-1"]
[WhiteElo "2106"]
[BlackElo "2204"]
[EventDate "2005.02.18"]
[PlyCount "56"]

1.d4 Nf6 2.Bg5 c5 3.e3 e6 4.Nf3 d5 5.c4 cxd4 6.exd4 dxc4 7.Bxc4 Be7 8.O-O 
O-O 9.Nc3 a6 10.Qd2 b5 11.Bd3 Bb7 12.Bxf6 Bxf6 13.Ne4 Nd7 14.Rfd1 Qb6 15.
b4 g6 16.Nxf6+ Nxf6 17.Qg5 Bxf3 18.Qxf6 Bxd1 19.Rxd1 Rad8 20.Be4 Rd6 21.h4
Rfd8 22.h5 Rxd4 23.hxg6 Rxd1+ 24.Kh2 hxg6 25.Bxg6 Qc7+ 26.g3 fxg6 27.Qxg6+
Qg7 28.Qxe6+ Qf7 0-1

[Event "EU-chT Seniors 07th"]
[Site "Dresden"]
[Date "2005.02.18"]
[Round "1"]
[White "James, Geoffrey H"]
[Black "Wicklund Hansen, Richard"]
[Result "0-1"]
[WhiteElo "2208"]
[BlackElo "2015"]
[EventDate "2005.02.18"]
[PlyCount "48"]

1.e4 e5 2.Nf3 Nc6 3.d4 exd4 4.Nxd4 Bc5 5.c3 Qf6 6.Be3 Nge7 7.Bc4 Ne5 8.Be2
Qg6 9.O-O d6 10.Bh5 Qxe4 11.Re1 Qh4 12.Be2 O-O 13.Nd2 Nd5 14.N2f3 Nxe3 15.
Nxh4 Nxd1 16.Raxd1 Bd7 17.Nhf3 Rfe8 18.Nxe5 Rxe5 19.Bf3 Rae8 20.Rxe5 Rxe5 
21.Kf1 Bxd4 22.Rxd4 b6 23.Be2 Bc6 24.b4 Bxg2+ 0-1

[Event "EU-chT Seniors 07th"]
[Site "Dresden"]
[Date "2005.02.18"]
[Round "1"]
[White "Kahn, Peter"]
[Black "Morgner, Siegfried"]
[Result "1-0"]
[WhiteElo "2130"]
[BlackElo "1964"]
[EventDate "2005.02.18"]
[PlyCount "32"]

1.d4 g6 2.e4 d6 3.Nc3 Bg7 4.Be3 Nc6 5.Bc4 a6 6.a4 Nf6 7.f3 e5 8.Nge2 Nh5 
9.g4 exd4 10.Nxd4 Nxd4 11.Bxd4 Bxd4 12.Qxd4 Qf6 13.O-O-O Qxd4 14.Rxd4 Nf4 
15.e5 dxe5 16.Re1 f6 1-0

[Event "EU-chT Seniors 07th"]
[Site "Dresden"]
[Date "2005.02.18"]
[Round "1"]
[White "Kalmutzki, Manfred"]
[Black "Weinwurm, Wolfgang"]
[Result "1-0"]
[WhiteElo "1729"]
[BlackElo "2126"]
[EventDate "2005.02.18"]
[PlyCount "105"]

1.d4 f5 2.e3 Nf6 3.f4 g6 4.Nf3 Bg7 5.Bd3 O-O 6.O-O d6 7.Bc4+ e6 8.c3 Qe7 
9.Nbd2 Nc6 10.Qc2 Kh8 11.Re1 Ne4 12.b4 a6 13.a4 Bd7 14.Bb2 d5 15.Be2 Nd8 
16.c4 c6 17.b5 Rg8 18.Ba3 Qf6 19.Ne5 Be8 20.cxd5 exd5 21.bxa6 bxa6 22.Rab1
g5 23.g3 gxf4 24.exf4 Bh6 25.Nxe4 fxe4 26.Kh1 Ne6 27.Qc3 Ra7 28.Ng4 Rxg4 
29.Bxg4 Bg7 30.Rb8 Nc7 31.Bc5 Ra8 32.Rxa8 Nxa8 33.Rb1 Qg6 34.Be2 Nc7 35.
Rb8 h5 36.Qa5 Ne6 37.f5 Qxf5 38.Rxe8+ Kh7 39.Rxe6 Qxe6 40.Qe1 Qg6 41.Qd2 
Bh6 42.Qb2 h4 43.Qb7+ Kg8 44.Qc8+ Kh7 45.Qd7+ Kh8 46.Qd8+ Kh7 47.Qxh4 Qf5 
48.g4 Qf4 49.Qe1 Qe3 50.Kg2 Bg7 51.Qf2 Qb3 52.Bxa6 Qxa4 53.Bc8 1-0

[Event "EU-chT Seniors 07th"]
[Site "Dresden"]
[Date "2005.02.18"]
[Round "1"]
[White "Kanibalotska, Elisaweta"]
[Black "Harzer, Paul"]
[Result "0-1"]
[WhiteElo "1669"]
[BlackElo "2123"]
[EventDate "2005.02.18"]
[PlyCount "106"]

1.c4 f5 2.Nf3 Nf6 3.g3 d6 4.Bg2 e6 5.d3 Be7 6.Nc3 O-O 7.O-O Qe8 8.Bd2 Qh5 
9.e3 Nc6 10.a3 Bd7 11.Nd4 Qg6 12.Nxc6 Bxc6 13.Bxc6 bxc6 14.b4 d5 15.c5 Ng4
16.h3 Ne5 17.Qe2 Rae8 18.d4 Nc4 19.Bc1 Bf6 20.Rb1 e5 21.dxe5 Bxe5 22.Qc2 
Bxc3 23.Qxc3 f4 24.Rb3 fxe3 25.Qd3 exf2+ 26.Kg2 Qxd3 27.Rxd3 Re2 28.Bf4 h6
29.h4 Rf5 30.Rf3 g5 31.hxg5 hxg5 32.Bc1 Rxf3 33.Kxf3 Ra2 34.Rxf2 Ne5+ 35.
Kg2 Rxf2+ 36.Kxf2 Nd3+ 37.Kf3 Nxc1 38.Ke3 Nb3 39.Kd3 Kf7 40.Ke3 Na5 41.
bxa5 Ke6 42.Kd4 Kf5 43.a6 Kg4 44.Ke5 Kxg3 45.Ke6 d4 46.Kd7 d3 47.Kxc7 d2 
48.Kb7 d1=Q 49.Kxa7 Qa4 50.Kb7 Qb5+ 51.Ka7 Qxc5+ 52.Ka8 Qxa3 53.a7 Qxa7+ 
0-1